000 00491nam a22001697a 4500
003 NUST - PNEC
005 20170116180934.0
008 150906b xxu||||| |||| 00| 0 eng d
020 _a9783527314744
040 _cLIBRARY
082 _a621.3124 SUN
100 _98432
_aSundmacher, Kai
245 _aMolten carbonate fuel cells : modeling, analysis, simulation, and control
_cSundmacher, Kai
260 _cc.2007
650 _98436
_aMolten carbonate fuel cells
_xIME
942 _2ddc
_cBK
999 _c65998
_d65998